El lenguaje de la arquitectura : Un análisis semiótico (Registro nro. 966)
[ vista simple ]
| 000 -LEADER | |
|---|---|
| fixed length control field | 00927nam a2200277Ia 4500 |
| 005 - DATE AND TIME OF LATEST TRANSACTION | |
| control field | 20251020182455.0 |
| 008 - FIXED-LENGTH DATA ELEMENTS--GENERAL INFORMATION | |
| fixed length control field | 200515s9999 xx 000 0 und d |
| 020 ## - INTERNATIONAL STANDARD BOOK NUMBER | |
| International Standard Book Number | 968-18-1467-3 |
| 082 ## - DEWEY DECIMAL CLASSIFICATION NUMBER | |
| Classification number | 624.01/B84 |
| 100 ## - MAIN ENTRY--PERSONAL NAME | |
| Personal name | Broadbent, Geoffrey |
| 100 ## - MAIN ENTRY--PERSONAL NAME | |
| Personal name | Bunt, Richard |
| 100 ## - MAIN ENTRY--PERSONAL NAME | |
| Personal name | Jencks, Charles |
| 245 #0 - TITLE STATEMENT | |
| Title | El lenguaje de la arquitectura : Un análisis semiótico |
| 250 ## - EDITION STATEMENT | |
| Edition statement | 1a ed. |
| 260 ## - PUBLICATION, DISTRIBUTION, ETC. | |
| Place of publication, distribution, etc. | México, D.F. |
| 260 ## - PUBLICATION, DISTRIBUTION, ETC. | |
| Name of publisher, distributor, etc. | LIMUSA |
| 260 ## - PUBLICATION, DISTRIBUTION, ETC. | |
| Date of publication, distribution, etc. | 1991 |
| 300 ## - PHYSICAL DESCRIPTION | |
| Extent | 459 p. |
| 300 ## - PHYSICAL DESCRIPTION | |
| Other physical details | il., tbl., graf. |
| 500 ## - GENERAL NOTE | |
| General note | 1 ejemplar |
| 520 ## - SUMMARY, ETC. | |
| Summary, etc. | Análisis de los significados de las formas y espacios arquitectónicos. Se hace énfasis en el significado de la arquitectura, dado que esta comunica significados a la gente, independientemente de la intención real del arquitecto. Aquí se ofrece un estudio |
| 650 ## - SUBJECT ADDED ENTRY--TOPICAL TERM | |
| Topical term or geographic name entry element | ARQUITECTURA |
| 650 ## - SUBJECT ADDED ENTRY--TOPICAL TERM | |
| Topical term or geographic name entry element | DISEÑO ARQUITECTONICO |
| 942 ## - ADDED ENTRY ELEMENTS (KOHA) | |
| Koha item type | Libros |
| Fecha de la última vez que lo usaron | Pago total | Signatura topográfica completa | Código de barras | Precio efectivo desde | Tipo de documento | Estado perdido | Estado dañado | No es para préstamo | Retirado | Ubicación permanente | Ubicación actual | Fecha de adquisición |
|---|---|---|---|---|---|---|---|---|---|---|---|---|
| 15/05/2020 | 624.01/B84 | Bib-Lima15050966 | 15/05/2020 | Libros | Biblioteca Central Lima | Biblioteca Central Lima | 15/05/2020 |